Načítá se...
Cases in contract law
| Hlavní autor: | |
|---|---|
| Médium: | Printed Book |
| Vydáno: |
Plymouth, McDonald+Evans
1977
|
| Vydání: | Ed.2 |
| Témata: |
| LEADER | 005340000a22001930004500 | ||
|---|---|---|---|
| 020 | |a 0-7121-0367-8 | ||
| 082 | |a 349.642 02 L7 | ||
| 100 | |a Major, W T | ||
| 245 | |a Cases in contract law | ||
| 250 | |a Ed.2 | ||
| 260 | |a Plymouth, McDonald+Evans | ||
| 260 | |c 1977 | ||
| 650 | |a Commercial law | ||
| 650 | |a Great Britain | ||
| 650 | |a Law | ||
| 650 | |a Legislation | ||
| 942 | |c BK | ||
| 999 | |c 13583 |d 13583 | ||
| 952 | |0 0 |1 0 |4 0 |6 349_642000000000000_02_L7 |7 0 |8 ENG |9 13384 |a MGUL |b MGUL |d 2013-07-16 |l 0 |o 349.642 02 L7 |p 12663 |r 2019-03-26 |w 2013-07-16 |y BK | ||